| Tag |
First Indicator |
Second Indicator |
Subfields |
| LEADER |
00000cam a2200000 a 4500 |
| 001 |
in00000926607 |
| 005 |
20150924201605.0 |
| 008 |
871208s1988 maua b 00110 eng |
| 010 |
|
|
|a 87036791
|
| 020 |
|
|
|a 0897890957 (alk. paper) :
|c $39.95
|
| 035 |
|
|
|a (OCoLC)17353777
|
| 035 |
|
|
|9 AEQ8409AM
|
| 040 |
|
|
|a DLC
|c DLC
|d UtOrBLW
|
| 043 |
|
|
|a f-ae---
|
| 049 |
|
|
|a TXAM
|
| 050 |
0 |
0 |
|a DS135.A3
|b F75 1988
|
| 082 |
0 |
0 |
|a 965/.004924
|2 19
|
| 100 |
1 |
|
|a Friedman, Elizabeth D.
|q (Elizabeth Deborah)
|
| 245 |
1 |
0 |
|a Colonialism & after :
|b an Algerian Jewish community /
|c Elizabeth Friedman.
|
| 264 |
|
1 |
|a South Hadley, Mass. :
|b Bergin & Garvey Publishers,
|c 1988.
|
| 300 |
|
|
|a xx, 170 pages :
|b illustrations ;
|c 24 cm.
|
| 336 |
|
|
|a text
|b txt
|2 rdacontent
|
| 337 |
|
|
|a unmediated
|b n
|2 rdamedia
|
| 338 |
|
|
|a volume
|b nc
|2 rdacarrier
|
| 490 |
1 |
|
|a Critical studies in work & community series
|
| 504 |
|
|
|a Bibliography: pages 156-162.
|
| 500 |
|
|
|a Includes index.
|
| 650 |
|
0 |
|a Jews
|z Algeria
|z Batna.
|
| 651 |
|
0 |
|a Batna (Algeria)
|x Ethnic relations.
|
| 650 |
|
0 |
|a Jews, Algerian
|z France.
|
| 740 |
0 |
|
|a Colonialism and after.
|
| 830 |
|
0 |
|a Critical studies in work and community.
|
| 999 |
|
|
|a MARS
|
| 999 |
f |
f |
|s 9f913a56-324c-3338-b8e9-046394c2dc3e
|i f52beb04-d04d-36d1-bea5-9f3926fceb1c
|t 0
|
| 952 |
f |
f |
|p ric
|a Texas A&M University
|b Rellis Campus
|c Joint Library Facility
|d Remote Storage
|t 0
|e DS135.A3 F75 1988
|h Library of Congress classification
|i unmediated -- volume
|m A14813707951
|
| 998 |
f |
f |
|a DS135.A3 F75 1988
|t 0
|l Remote Storage
|